000 005750000a22001810004500
003 MACL
005 20160218150336.0
008 160218b xxu||||| |||| 00| 0 eng d
040 _aMACL
_cMACL
041 _aHindi
082 _a398
100 _aअवस्‍थी इन्‍दुजा
_938891
245 _aरामलीला परंपरा और शैलियॉ
260 _bराधाकृष्‍ण प्रकाशन
_c1979
_aनई दिल्‍ल्‍ाी
350 _a45
650 _aFolklore
_938892
942 _cHIN
_k398
_2ddc
999 _c27671
_d27671